Alle Fußballvereine aus Hessen in den Top 4 Ligen - Statistiken

Allgemein
  • Dieses Quiz wurde 128 mal gespielt
    26 seit der letzten Aktualisierung
  • Das Durchschnittsergebnis liegt bei 7 aus 8
Antwortstatistiken
Liga Verein % Korrekt
Bundesliga Eintracht Frankfurt
100%
Regionalliga Südwest Hessen Kassel
100%
2. Bundesliga SV Darmstadt 98
95%
Regionalliga Südwest FSV Frankfurt
91%
Regionalliga Südwest Kickers Offenbach
86%
3. Liga SV Wehen Wiesbaden
82%
Regionalliga Südwest SG Barockstadt-Fulda Lehnerz
73%
Regionalliga Südwest TSV Steinbach Haiger
45%
Keine übereinstimmenden Quizze gefunden
Verteilung der Resultate
Anzahl Personen mit jedem Resultat
Perzentil nach korrekt beantworteten Fragen
Ihre Resultats-Entwicklung
Sie haben dieses Quiz seit der letzten Aktualisierung nicht gespielt